000 00666nam a2200169Ia 4500
008 090201s9999 xx 000 0 und d
010 _aKPL-61968
040 _bमराठी
041 _aमराठी
082 _a36423
_b61968
100 _aप्र न जोशी
245 _aभारतीय एकात्मता तीर्थे आणि क्षेत्र भाग 2
_cप्र न जोशी
260 _c2004
_bशिव पब्लिकेशन्स
300 _a60
_bमोठा
600 _aभारतीय एकात्मता तीर्थे आणि क्षेत्र भाग 2
942 _cBOOK
999 _c234418
_d234418